| Record ID | ia:bookoflovenumber0000line |
| Source | Internet Archive |
| Download MARC XML | https://archive.org/download/bookoflovenumber0000line/bookoflovenumber0000line_marc.xml |
| Download MARC binary | https://www.archive.org/download/bookoflovenumber0000line/bookoflovenumber0000line_meta.mrc |
LEADER: 00742cam a2200217 a 4500
001 86207271
003 DLC
005 20090529082253.0
008 860924s1986 enka 000 0 eng
010 $a 86207271
020 $a0850304733 (pbk.) :$c£2.50
040 $aDLC$cDLC$dDLC
050 00 $aBF1623.P9$bL55 1986
082 00 $a133.3/354$219
100 1 $aLine, David,$d1946-
245 14 $aThe book of love numbers :$buse your love number to discover your perfect partner /$cby David and Julia Line.
260 $aWellingborough, Northamptonshire :$bAquarian Press ;$aNew York, N.Y. :$bDistributed by Sterling Pub. Co.,$c1986.
300 $a219 p. :$bill. ;$c20 cm.
650 0 $aNumerology.
650 0 $aLove$xMiscellanea.
700 1 $aLine, Julia.